000 00654nam a2200229 a 4500
001 BRL_289
005 20190320210654.0
008 220713s1956----gw-o######---#000-0#ger-#
041 _ager
044 _agw
050 4 _aRF48
_b.S36 1956
100 1 _aSchlosshauer, Burkhard
_d1920-
_923467
245 1 0 _aRöntgenaufnahmetechnik in der Hals-Nasen-Ohren-Heilkunde
_cBurkhard Schlosshauer.
260 _aStuttgart
_bG. Thieme
_c1956
300 _a97 p.
_bil.
_c27 cm.
500 _aAu2349
650 1 4 _aGarganta
_xRadiografía
_923468
650 1 4 _aNariz
_xRadiografía
_923469
650 1 4 _aOídos
_xRadiografía
_923470
902 _aGRL
942 _2lcc
_cB
999 _c9102
_d9102